Infrastructure As Code : Dynamic Systems for the Cloud Age /

Obra que trata sobre la infraestructura como código (IaC), la cual basa su desarrollo en la tecnología en la nube, donde el autor plantea sus fundamentos, sus plataformas de infraestructura, la construcción y trabajo de estructura de datos, el desarrollo de códigos, el trabajo con servidores y otras...

Description complète

Enregistré dans:
Détails bibliographiques
Auteur principal: Morris, Kief (autor)
Format: Livre
Langue:anglais
Publié: Sebastopol, EUA : O'Reilly, 2021, c2021
Édition:2a edición
Sujets:
Accès en ligne:Ver documento en línea
Tags: Ajouter un tag
Pas de tags, Soyez le premier à ajouter un tag!

MARC

LEADER 00000nam^a2200000^a^4500
001 000450946
005 20251023000000.0
009 20260310123801.312
020 |a 978-1-098-11464-0 
037 |a Acervo ITESO - Biblioteca 
041 |a ING 
082 |a 621. 382171  |b MOR 
100 |a Morris, Kief  |e (autor) 
245 1 0 |a Infrastructure As Code :  |b Dynamic Systems for the Cloud Age /  |c K. Morris. 
250 |a 2a edición 
264 4 |a Sebastopol, EUA :  |b O'Reilly,  |c 2021, c2021 
264 2 |a Birmingham, EUA :  |b EBSCOhost [distribución],  |c 2021 
300 |a 1 libro electrónico en línea (XXIV, 399 p.) 
300 |a 1 recurso en línea 
336 |a datos para computadora  |b cod  |2 rdacontenido 
337 |a computadora  |b c  |2 rdamedio 
338 |a recurso en línea  |b cr  |2 rdasoporte 
506 1 |a 1 licencia 
520 |a Obra que trata sobre la infraestructura como código (IaC), la cual basa su desarrollo en la tecnología en la nube, donde el autor plantea sus fundamentos, sus plataformas de infraestructura, la construcción y trabajo de estructura de datos, el desarrollo de códigos, el trabajo con servidores y otras plataformas de tiempo de ejecución de aplicaciones. 
521 |a 2023 BO Licenciatura en Ingeniería en Sistemas Computacionales 
649 |a XX 
650 |a Estructura de Datos 
650 |a Codificación -  |x Teoría 
650 |a Proceso Electrónico de Datos -  |x Tema Principal 
650 |a Sistemas de Información -  |x Administración 
650 |a Servidores (Computadoras) 
650 |a Redes de Computadoras -  |x Administración -  |x Tema Principal 
650 |a Computación en la Nube 
650 |a Internet 
650 |a Tecnologías de Comunicación e Información 
650 |a Sistemas Computacionales 
650 |a Ingeniería Computacional 
856 4 0 |u https://ezproxy.iteso.mx/login?url=https://search.ebscohost.com/login.aspx?direct=true&scope=site&db=nlebk&db=nlabk&AN=2700918  |y Ver documento en línea 
910 |a Fondo General 
920 |a Electrónicos - Libros en Línea 
930 |a Plataforma Digital 
905 |a 205 
901 |a 450946-1  |b IT2  |c EBO  |i C179952  |u 20250521 
902 |a https://opac.biblio.iteso.mx/vufind/Record/000450946